| 000 | 00510nam a2200169Ia 4500 | ||
|---|---|---|---|
| 999 |
_c20929 _d20929 |
||
| 003 | OSt | ||
| 005 | 20211101130807.0 | ||
| 008 | 190216s9999||||xx |||||||||||||| ||und|| | ||
| 040 | _coclc | ||
| 082 |
_a954.02 _bCHI/S |
||
| 100 |
_aChitnis, K N _93663 |
||
| 245 | 0 |
_aSocio Economic History Of Medieval India / _cK N Chitnis |
|
| 260 |
_bAtlantic Publications & Distributors, _c2002. _aNew Delhi: |
||
| 300 | _a510p | ||
| 650 | _aHistory | ||
| 942 |
_cBK _2ddc _h954.02 _iCHI/S _k954.02 _mCHI/S |
||